| 000 | 01006nam a2200241 4500 | ||
|---|---|---|---|
| 001 | 39885 | ||
| 003 | BD-RjUL | ||
| 005 | 20211209053059.0 | ||
| 008 | 160419s2012 bg |||| |||| 00| 0 ben d | ||
| 020 |
_a9844222270 _c: Tk. 550.00 |
||
| 035 | _a(BD-RjUL) | ||
| 040 |
_aBD-RjUL _bben _cBD-RjUL |
||
| 041 | _aben | ||
| 082 |
_223 _a301.095492 _bSHS 2012 |
||
| 100 |
_aশরীফ, আহমদ _9120275 |
||
| 245 | 1 | 0 |
_aসমাজ-সংস্কৃতির স্বরূপ / _cআহমদ শরীফ ; সংকলক, নেহাল করিম |
| 260 |
_aঢাকা : _bবিদ্যাপ্রকাশ, _c২০০৮ [২য় প্র. ২০১২] |
||
| 300 |
_a[৮], ৪৯৯ পৃ. ; _c২২ সেমি. |
||
| 650 |
_aBangladesh _xSocial life and customs. _9120440 |
||
| 650 |
_aবাংলাদেশ _xসামাজিক জীবন ও রীতিনীতি . _9122874 |
||
| 700 |
_aকরিম, নেহাল সংকলক _9122875 |
||
| 942 |
_2ddc _cBK _01 |
||
| 999 |
_c39885 _d39885 |
||